[Event "IRI-ch U14"]
[Site "Chess.com INT"]
[Date "2021.01.16"]
[Round "8"]
[White "Teimouri Yadkuri, Shahdad"]
[Black "Nezamdoust, Amirmahdi"]
[Result "1-0"]
[WhiteElo "1885"]
[BlackElo "1600"]
[PlyCount "57"]
[EventDate "2021.01.16"]
[EventType "swiss"]
[EventRounds "11"]
[EventCountry "IRI"]
[SourceTitle "EXT 2022"]
[Source "ChessBase"]
[SourceDate "2021.10.06"]
[SourceVersion "1"]
[SourceVersionDate "2021.10.06"]
[SourceQuality "1"]

1. Nf3 d5 2. e3 Nf6 3. c4 e6 4. Nc3 c5 5. cxd5 exd5 6. d4 Nc6 7. Be2 Bg4 8. 0-0 cxd4 9. Nxd4 Bxe2 10. Qxe2 Nxd4 11. exd4+ Be7 12. Re1 Kf8 13. Bg5 Qd7 14. Qf3 Rd8 15. Re5 Bb4 16. Bxf6 gxf6 17. Qxf6 Rg8 18. Rxd5 Qxd5 19. Nxd5 Rxd5 20. Rc1 Be7 21. Rc8+ Bd8 22. Rxd8+ Rxd8 23. Qxd8+ Kg7 24. Qg5+ Kf8 25. Qc5+ Kg7 26. d5 Re8 27. Qd4+ f6 28. g4 Kg6 29. d6 1-0